000 00608nam a2200217 4500
001 109771
003 ES-MaACL
007 t|
008 061121s1985 sp r ||||1| spa d
020 _a84-01-33295-8
100 _aOneto, José
_9180463
245 1 0 _aAnatomía de un cambio de régimen /
_cJosé Oneto.
250 _a[1ª ed.].
260 _aBarcelona :
_bPlaza y Janés,
_c1985.
300 _a216 p. lám. ;
_c22 cm.
490 1 _aPolítica española
500 _aIndice.
830 0 _aPolítica española
_9182862
852 _aES-MaACL
_jL-9108
_bR.110746
999 _c109771
_d109771